5HLuxD.jpg

KING HENRY VIII SENIOR AND PRIMARY SCHOOL LIBRARY OPAC

The International Yeti Collective (Record no. 3513)

000 -LEADER
fixed length control field 01293nam a22002057a 4500
005 - DATE AND TIME OF LATEST TRANSACTION
control field 20240205141805.0
008 - FIXED-LENGTH DATA ELEMENTS--GENERAL INFORMATION
fixed length control field 240205b ||||| |||| 00| 0 eng d
020 ## - INTERNATIONAL STANDARD BOOK NUMBER
International Standard Book Number 9781788950848
040 ## - CATALOGING SOURCE
Transcribing agency KH8
082 ## - DEWEY DECIMAL CLASSIFICATION NUMBER
Classification number 823.92 MAS
100 ## - MAIN ENTRY--PERSONAL NAME
Personal name Mason, Paul
Relator term Author
245 ## - TITLE STATEMENT
Title The International Yeti Collective
Statement of responsibility, etc. Paul Mason
260 ## - PUBLICATION, DISTRIBUTION, ETC.
Place of publication, distribution, etc. London,
Name of publisher, distributor, etc. Little Tiger Press Group,
Date of publication, distribution, etc. 2020
300 ## - PHYSICAL DESCRIPTION
Extent 288 pages ;
Dimensions 198 x 129 mm
440 ## - SERIES STATEMENT/ADDED ENTRY--TITLE
Title International Yeti Collective
500 ## - GENERAL NOTE
General note <br/>Paperback / softback
520 ## - SUMMARY, ETC.
Summary, etc. An epic adventure with big feet and an even bigger heart! Ella is in the Himalayas with her uncle searching for yeti. But what seems like the adventure of a lifetime is cut short when she realizes that these secretive creatures might not want to be found. Tick knows it's against yeti law to approach humans. So when some arrive on the mountain, why does he find himself peering through the trees to get a closer look? What Tick doesn't know is that his actions will set off a series of events that threaten the existence of yeti all over the world. What can he do to make things right? Just when all hope seems lost, help comes in the most unexpected form ... For readers of Abi Elphinstone, COGHEART and THE LAST WILD
650 ## - SUBJECT ADDED ENTRY--TOPICAL TERM
Topical term or geographic name entry element UK & IRL fiction
942 ## - ADDED ENTRY ELEMENTS (KOHA)
Source of classification or shelving scheme
Koha item type Books - Fiction
Holdings
Withdrawn status Lost status Source of classification or shelving scheme Damaged status Not for loan Collection code Permanent Location Current Location Shelving location Date acquired Total Checkouts Full call number Barcode Date last seen Date last checked out Price effective from Koha item type
          Fiction KH8 Primary School Library KH8 Primary School Library Non Fiction 2024-02-05 2 823.92 MAS KHPL000004460 2025-12-05 2025-01-20 2024-02-05 Books - Fiction

Powered By KH8 IT Dept